BSOP header

The astonished heart : (Record no. 45408)

MARC details
000 -LEADER
fixed length control field 00720pam a2200241 a 4500
001 - CONTROL NUMBER
control field 3981149
005 - DATE AND TIME OF LATEST TRANSACTION
control field 20190218085803.0
008 - FIXED-LENGTH DATA ELEMENTS--GENERAL INFORMATION
fixed length control field 951020s1996 miu 000 0 eng
010 ## - LIBRARY OF CONGRESS CONTROL NUMBER
LC control number 95046080
020 ## - INTERNATIONAL STANDARD BOOK NUMBER
International Standard Book Number 0802807917
040 ## - CATALOGING SOURCE
Original cataloging agency DLC
Transcribing agency DLC
Modifying agency DLC
100 1# - MAIN ENTRY--PERSONAL NAME
Personal name Capon, Robert Farrar.
245 14 - TITLE STATEMENT
Title The astonished heart :
Remainder of title reclaiming the good news from the lost-and-found of church history /
Statement of responsibility, etc Robert Farrar Capon.
260 ## - PUBLICATION, DISTRIBUTION, ETC. (IMPRINT)
Place of publication, distribution, etc Grand Rapids, Mich. :
Name of publisher, distributor, etc W.B. Eerdmans,
Date of publication, distribution, etc c1996.
300 ## - PHYSICAL DESCRIPTION
Extent x, 122 p. ;
Dimensions 23 cm.
336 ## - CONTENT TYPE
Content Type Term text
337 ## - MEDIA TYPE
Media Type Term unmediated
338 ## - CARRIER TYPE
Carrier Type Term volume
650 #0 - SUBJECT ADDED ENTRY--TOPICAL TERM
Topical term or geographic name as entry element Church
General subdivision Catholicity.
650 #0 - SUBJECT ADDED ENTRY--TOPICAL TERM
Topical term or geographic name as entry element Church history.
650 #0 - SUBJECT ADDED ENTRY--TOPICAL TERM
Topical term or geographic name as entry element Spiritual life
General subdivision Christianity.
942 ## - ADDED ENTRY ELEMENTS (KOHA)
Source of classification or shelving scheme Library of Congress Classification
Item type Books
Holdings
Withdrawn status Lost status Source of classification or shelving scheme Damaged status Not for loan Home library Current library Shelving location Date acquired Source of acquisition Inventory number Total Checkouts Full call number Barcode Date last seen Price effective from Koha item type Cost, normal purchase price Copy number
    Library of Congress Classification     BSOP Library BSOP Library GC 02/18/2019 Donated by Dr. William and Mariel Kirwan 45202   BV601.3 C17 1996 00056202 02/18/2019 02/18/2019 Books    
    Library of Congress Classification     BSOP Library BSOP Library GC 04/12/2019   17902   BV601.3 C17 1996 c.2 00018759 04/12/2019 04/12/2019 Books 600.00 c.2
BSOP

Biblical Seminary of the Philippines
  All rights Reserved
  © 2024

CONTACT INFORMATION

Biblical Seminary of the Philippines,
  77-B Karuhatan Road, Valenzuela City,
  PHILIPPINES 1441
  Phone: +632 8292-6795 / 8292-6798
  Fax : +632 8292-6675
  Email: library@bsop.edu.ph